[Event "Torino op 4th"]
[Site "Torino"]
[Date "2002.09.??"]
[Round "4"]
[White "Ratti, Marco"]
[Black "Groger, Astrid"]
[Result "1-0"]
[WhiteElo "1852"]
[BlackElo "1419"]
[PlyCount "32"]
[EventDate "2002.09.??"]
[EventType "swiss"]
[EventRounds "7"]
[EventCountry "ITA"]
[SourceTitle "EXT 2024"]
[Source "ChessBase"]
[SourceDate "2023.10.10"]
[SourceVersion "1"]
[SourceVersionDate "2023.10.10"]
[SourceQuality "1"]

1. d4 Nf6 2. c4 c5 3. d5 b5 4. cxb5 a6 5. Nc3 axb5 6. e4 Qa5 7. Bd2 b4 8. Nb5 Ba6 9. a4 Nxe4 10. Qc2 Nxd2 11. Qxc5 Bxb5 12. Bxb5 Nb3 13. Qc8+ Qd8 14. Qb7 Nxa1 15. Qxa8 Nc2+ 16. Kd2 Nd4 1-0